000 00870nam a22002057a 4500
003 OSt
005 20170608093112.0
008 150408b2016 slv spa
040 _cBMC
082 _a621.39
100 1 _939378
_aEscalante Salazar, Gabriel Enrique
245 1 0 _aPasantía en biblioteca Miguel de Cervantes, UNICAES
_b: Informe final
_cEscalante Salazar, Gabriel Enrique
260 _aSanta Ana (El Salvador)
_bUniversidad Católica de El Salvador
_c2016
300 _a36 h.
_c27 cm
_b+ 1 disco compacto
500 _aPrecede al tít.: Universidad Católica de El Salvador, Facultad de Ingeniería y Arquitectura
502 _aPara optar al título de Ingeniero en Sistemas Informáticos
650 2 4 _924722
_aIngeniería de sistemas
710 2 _91166
_aUniversidad Católica de El Salvador
_bFacultad de Ingeniería y Arquitectura
942 _2ddc
_cTG
999 _c25419
_d25419